Načítá se...
Malayalasahityacharitram ezhuthapedatha edukal/
| Hlavní autor: | |
|---|---|
| Médium: | Printed Book |
| Vydáno: |
Kottayam:
SPCS,
2013.
|
| Témata: |
| LEADER | 00524nam a22001457a 4500 | ||
|---|---|---|---|
| 082 | |a M09 |b PAU/M | ||
| 100 | |a Paul Manalil | ||
| 245 | |a Malayalasahityacharitram ezhuthapedatha edukal/ |c by Paul Manalil | ||
| 260 | |a Kottayam: |b SPCS, |c 2013. | ||
| 300 | |a 272p. | ||
| 650 | |a Literature Malayalam | ||
| 650 | |a Criticism Malayalam Literature | ||
| 942 | |c BK | ||
| 999 | |c 54549 |d 54549 | ||
| 952 | |0 0 |1 0 |4 0 |6 M_09_000000000000000_PAU_M |7 0 |9 78393 |a SSUS |b SSUS |c STACKS |d 2015-07-17 |g 215.00 |l 9 |m 1 |o M09 PAU/M |p 077470 |r 2020-01-15 |s 2019-11-06 |w 2015-07-17 |y BK | ||